000 01087nam0a22002651 4500
001 rc\380496
005 20260406140444.0
010 _a5-7966-0112-1
_91500
035 _a(NLR Aleph) 005574893
090 _a6050677
_c6050677
100 _a20030307d1989 |||y0rusy50 ca
101 0 _arus
102 _aRU
105 _aa |||||||||
200 1 _aНовое в приготовлении и оценке кормов
_e[Сб. ст.]
_fНауч.-произв. об-ние животноводства и ветеринарии "Сигра", Латв. НИИ животноводства и ветеринарии
_g[Отв. ред. И.А. Рамане]
210 _aРига
_cЗинатне
_d1989
215 _a114, [2] с.
_cил.
_d21
320 _aБиблиогр.: с. 57 (8 назв.)
702 1 _aРамане
_bИ.А.
_4340
712 0 2 _aЛатвийский НИИ животноводства и ветеринарии
_cРига
_3RU\NLR\AUTH\889919475
_9335155
801 0 _aRU
_bNLR
_gpsbo
801 1 _aRU
_bELAR
_2rusmarc
852 _aNLR
_j89-3/3266
942 _cBOOK
980 _aNB